000
00272nam a22001217a 4500
020
_a
0-7214-1219-X
082
_a
823
_b
823
100
_a
GRA/F
245
_a
THE FLINTSTONES IN FRED THE FISHERMAN
260
_a
UK
_b
LADYBIRD
650
_a
ENGLISH SHORT STORY
_z
UK
942
_c
BK
999
_c
4942
_d
4942